[Event "Rheinland Pfalz op 53th"]
[Site "Heimbach Weis"]
[Date "2025.06.19"]
[Round "2"]
[White "Gasber, Johannes"]
[Black "Grzeca, Pascal"]
[Result "0-1"]
[WhiteElo "1874"]
[BlackElo "2113"]
[PlyCount "118"]
[EventDate "2025.06.19"]
[EventType "swiss"]
[EventRounds "7"]
[EventCountry "GER"]
[SourceTitle "CB26_2025"]
[SourceDate "2025.06.25"]
[SourceVersion "1"]
[SourceVersionDate "2025.06.25"]
[SourceQuality "1"]

1. e4 c6 2. d4 a6 3. Nf3 d5 4. e5 Bg4 5. Be2 c5 6. dxc5 e6 7. Be3 Qc7 8. c4 dxc4 9. Nc3 Bxc5 10. Bxc5 Qxc5 11. Ne4 Qb4+ 12. Kf1 Nc6 13. Nd6+ Ke7 14. a3 Qb3 15. Nxc4 Qxd1+ 16. Rxd1 Nh6 17. h3 Bxf3 18. Bxf3 Rhd8 19. g4 Rxd1+ 20. Bxd1 b5 21. Bf3 bxc4 22. Bxc6 Rb8 23. Kg2 Rxb2 24. Rc1 Rb3 25. Rxc4 Rxa3 26. Rd4 g5 27. Rd7+ Kf8 28. Ra7 Ng8 29. Ra8+ Kg7 30. Ra7 Kf8 31. Ra8+ Kg7 32. Ra7 Ra5 33. Be8 Nh6 34. Kg3 Kf8 35. Bc6 Ng8 36. Ra8+ Kg7 37. Ra7 Rxe5 38. Rxa6 Rc5 39. Bf3 Rc3 40. Ra7 Nf6 41. Kg2 h6 42. Rb7 Ne8 43. Rd7 Rc7 44. Rd8 Nf6 45. Ra8 Nd7 46. Ra5 Rc5 47. Ra7 Ne5 48. Be4 Rc4 49. f3 Rb4 50. Ra2 Nc4 51. Kg3 Nd6 52. Bc6 Rc4 53. Ra6 Rc3 54. Rb6 Nc4 55. Ra6 Rc2 56. h4 Ne3 57. hxg5 hxg5 58. Be4 Nf1+ 59. Kh3 Rh2# 0-1

[Event "GER-ch Rapid 51st"]
[Site "Neuwied"]
[Date "2025.06.15"]
[Round "8"]
[White "Grzeca, Pascal"]
[Black "Meuer, David"]
[Result "0-1"]
[WhiteElo "2113"]
[BlackElo "2101"]
[PlyCount "44"]
[EventDate "2025.06.14"]
[EventType "swiss (rapid)"]
[EventRounds "9"]
[EventCountry "GER"]
[SourceTitle "CB25_2025"]
[SourceDate "2025.06.18"]
[SourceVersion "1"]
[SourceVersionDate "2025.06.18"]
[SourceQuality "1"]

1. d4 e6 2. Bf4 Nf6 3. e3 c5 4. Nf3 Nc6 5. Nbd2 d5 6. c3 Bd6 7. Bg3 0-0 8. Bd3 b6 9. e4 Be7 10. e5 Ng4 11. Ng5 Bxg5 12. Qxg4 cxd4 13. Nf3 Bh6 14. cxd4 Nb4 15. Bb1 Ba6 16. Bf4 Bxf4 17. Qxf4 Rc8 18. Qd2 Qc7 19. Bxh7+ Kxh7 20. Qxb4 Qc2 21. Qd2 Kg8 22. Ng1 Qe4+ 0-1

[Event "GER-ch Rapid 51st"]
[Site "Neuwied"]
[Date "2025.06.15"]
[Round "6"]
[White "Klawa, Patrick"]
[Black "Grzeca, Pascal"]
[Result "0-1"]
[WhiteElo "2157"]
[BlackElo "2113"]
[PlyCount "50"]
[EventDate "2025.06.14"]
[EventType "swiss (rapid)"]
[EventRounds "9"]
[EventCountry "GER"]
[SourceTitle "CB25_2025"]
[SourceDate "2025.06.18"]
[SourceVersion "1"]
[SourceVersionDate "2025.06.18"]
[SourceQuality "1"]

1. e4 c5 2. Nc3 g6 3. d4 cxd4 4. Qxd4 Nf6 5. Bg5 Nc6 6. Qd2 Bg7 7. Bh6 0-0 8. Bxg7 Kxg7 9. Nf3 d6 10. Be2 a6 11. a4 Qa5 12. 0-0 Qb4 13. Bd3 Bg4 14. Ne1 Rab8 15. h3 Be6 16. f4 Qxb2 17. Nf3 Qb6+ 18. Kh1 Qc5 19. Ne2 Bc4 20. Ng3 Bxd3 21. cxd3 Nd4 22. Rac1 Nb3 23. Rxc5 Nxd2 24. Rc7 Nxf1 25. Nxf1 Rfc8 0-1

[Event "GER-ch Rapid 51st"]
[Site "Neuwied"]
[Date "2025.06.14"]
[Round "4"]
[White "Ehmann, Thilo"]
[Black "Grzeca, Pascal"]
[Result "1-0"]
[WhiteElo "2346"]
[BlackElo "2113"]
[PlyCount "67"]
[EventDate "2025.06.14"]
[EventType "swiss (rapid)"]
[EventRounds "9"]
[EventCountry "GER"]
[SourceTitle "CB25_2025"]
[SourceDate "2025.06.18"]
[SourceVersion "1"]
[SourceVersionDate "2025.06.18"]
[SourceQuality "1"]

1. e4 c5 2. Nf3 d6 3. d4 cxd4 4. Nxd4 Nf6 5. Nc3 g6 6. Be3 Bg7 7. f3 0-0 8. Bc4 Nc6 9. Qd2 Nxd4 10. Bxd4 Be6 11. Nd5 Bxd5 12. exd5 Qc8 13. Bb3 Qf5 14. 0-0 Nd7 15. Rae1 Bxd4+ 16. Qxd4 Qf6 17. Qxf6 exf6 18. Re7 Nc5 19. Bc4 Rfe8 20. Rfe1 Kf8 21. Rxe8+ Rxe8 22. Rxe8+ Kxe8 23. b4 Nd7 24. Bb5 Kd8 25. Bxd7 Kxd7 26. c4 b6 27. Kf2 a5 28. a3 axb4 29. axb4 g5 30. g4 b5 31. c5 f5 32. c6+ Ke7 33. gxf5 f6 34. Kg3 1-0

[Event "Rheinland Pfalz op 14th"]
[Site "Neuwied"]
[Date "2024.05.30"]
[Round "1"]
[White "Von Elmpt, Leo"]
[Black "Grzeca, Pascal"]
[Result "0-1"]
[WhiteElo "1719"]
[BlackElo "2100"]
[PlyCount "58"]
[EventDate "2024.05.30"]
[EventType "swiss"]
[EventRounds "7"]
[EventCountry "GER"]
[SourceTitle "CBM 220 Extra"]
[Source "ChessBase"]
[SourceDate "2024.07.31"]
[SourceVersion "1"]
[SourceVersionDate "2024.07.31"]
[SourceQuality "1"]

1. c4 Nf6 2. g3 c6 3. Bg2 d5 4. cxd5 cxd5 5. d4 Nc6 6. Nc3 Bf5 7. Nf3 e6 8. a3 Be7 9. 0-0 0-0 10. e3 Rc8 11. Nh4 Bg4 12. Bf3 Bxf3 13. Nxf3 Ne8 14. Bd2 Nd6 15. b3 f6 16. Qb1 f5 17. Ra2 Ne4 18. Nxe4 fxe4 19. Ne1 e5 20. Bc3 Nxd4 21. Bxd4 exd4 22. exd4 Qb6 23. Nc2 Rc3 24. b4 Qe6 25. Ne3 Bg5 26. Qb2 Rd3 27. Rd1 Bxe3 28. Rxd3 Bxf2+ 29. Kg2 exd3 0-1

[Event "Rheinland Pfalz-ch Blitz"]
[Site "Landau"]
[Date "2024.05.05"]
[Round "6"]
[White "Grzeca, Pascal"]
[Black "Yakovenko, Oleg"]
[Result "0-1"]
[WhiteElo "2116"]
[BlackElo "2230"]
[PlyCount "98"]
[EventDate "2024.05.05"]
[EventType "tourn (blitz)"]
[EventRounds "29"]
[EventCountry "GER"]
[SourceTitle "CBM 220 Extra"]
[Source "ChessBase"]
[SourceDate "2024.07.31"]
[SourceVersion "1"]
[SourceVersionDate "2024.07.31"]
[SourceQuality "1"]

1. d4 Nf6 2. c4 e6 3. Nc3 Bb4 4. e3 0-0 5. Bd3 d5 6. a3 Bxc3+ 7. bxc3 dxc4 8. Bxc4 c5 9. Nf3 Qc7 10. Be2 b6 11. Bb2 Ba6 12. 0-0 Bxe2 13. Qxe2 Nbd7 14. c4 Rac8 15. Rac1 Qb7 16. a4 Ne4 17. Rfd1 Ndf6 18. Ne5 cxd4 19. exd4 Rfd8 20. f3 Nd6 21. Qe3 Nf5 22. Qf4 Nd7 23. g4 Nxe5 24. gxf5 Nxc4 25. Ba1 Qd5 26. Rb1 Qxf5 27. Qxf5 exf5 28. d5 Ne3 29. Rd3 Nc4 30. Kf2 f6 31. Rg1 Kf7 32. h4 Ne5 33. Rd2 Rd7 34. a5 Rcd8 35. axb6 axb6 36. Rb1 Rxd5 37. Rxd5 Rxd5 38. Rxb6 f4 39. Rb7+ Kg6 40. h5+ Kh6 41. Rb6 Rd2+ 42. Kf1 Rd1+ 43. Kg2 Rxa1 44. Kh3 Rd1 45. Ra6 Rd7 46. Rb6 Kxh5 47. Ra6 Kg6 48. Kh4 Nxf3+ 49. Kg4 Ne5+ 0-1

[Event "Krefeld op"]
[Site "Krefeld"]
[Date "2022.08.06"]
[Round "4"]
[White "Sonnenschein, Philipp"]
[Black "Grzeca, Pascal"]
[Result "1/2-1/2"]
[WhiteElo "2180"]
[BlackElo "2029"]
[PlyCount "47"]
[EventDate "2022.08.04"]
[EventType "swiss"]
[EventRounds "9"]
[EventCountry "GER"]
[SourceTitle "CBM 209 Extra"]
[Source "ChessBase"]
[SourceDate "2022.09.30"]
[SourceVersion "1"]
[SourceVersionDate "2022.09.30"]
[SourceQuality "1"]

1. e4 c6 2. d4 d5 3. e5 Bf5 4. h4 h5 5. Bd3 Bxd3 6. Qxd3 Qa5+ 7. Nd2 e6 8. Ne2 Ne7 9. 0-0 Nf5 10. Nf3 Qa6 11. Qd1 Be7 12. g3 c5 13. Bg5 Bxg5 14. Nxg5 Nc6 15. dxc5 Qc4 16. b4 Nxe5 17. Nf4 Qd4 18. Qxd4 Nxd4 19. c3 Ndf3+ 20. Nxf3 Nxf3+ 21. Kg2 Nd2 22. Rfe1 0-0-0 23. Rad1 Nc4 24. Nd3 1/2-1/2

[Event "Krefeld op"]
[Site "Krefeld"]
[Date "2022.08.05"]
[Round "2"]
[White "Grzeca, Pascal"]
[Black "Krams, Amatus"]
[Result "1-0"]
[WhiteElo "2029"]
[BlackElo "1502"]
[PlyCount "33"]
[EventDate "2022.08.04"]
[EventType "swiss"]
[EventRounds "9"]
[EventCountry "GER"]
[SourceTitle "CBM 209 Extra"]
[Source "ChessBase"]
[SourceDate "2022.09.30"]
[SourceVersion "1"]
[SourceVersionDate "2022.09.30"]
[SourceQuality "1"]

1. d4 d5 2. Bf4 Nf6 3. Nf3 e6 4. e3 Bd6 5. Bg3 c6 6. Nbd2 b6 7. Bd3 Bb7 8. Ne5 Qc7 9. f4 Nbd7 10. 0-0 0-0 11. Bh4 Rae8 12. Rf3 c5 13. Rh3 Ne4 14. Qh5 h6 15. Nxd7 Qxd7 16. Bxe4 dxe4 17. Bf6 1-0

[Event "Cologne Longerich op 7th"]
[Site "Cologne"]
[Date "2010.07.31"]
[Round "2"]
[White "Khanukov, Boris"]
[Black "Grzeca, Pascal"]
[Result "1/2-1/2"]
[WhiteElo "2258"]
[BlackElo "1897"]
[PlyCount "124"]
[EventDate "2010.07.30"]
[EventType "swiss"]
[EventRounds "5"]
[EventCountry "GER"]
[SourceTitle "EXT 2011"]
[Source "ChessBase"]
[SourceDate "2010.11.26"]
[SourceVersion "1"]
[SourceVersionDate "2010.11.26"]
[SourceQuality "1"]

1. d4 Nf6 2. c4 e6 3. g3 d5 4. Bg2 dxc4 5. Qa4+ Bd7 6. Qxc4 Bc6 7. Nf3 Nbd7 8. Nc3 Nb6 9. Qd3 Bb4 10. 0-0 Bxc3 11. bxc3 Be4 12. Qb5+ c6 13. Qg5 0-0 14. a4 Qd5 15. Qh4 h6 16. Bxh6 gxh6 17. Qxf6 Kh7 18. Nh4 Bxg2 19. Nxg2 Qe4 20. Qf3 Qxf3 21. exf3 Rfd8 22. Ne3 Nd5 23. Rfc1 b6 24. Rab1 Kg7 25. Rc2 Rab8 26. Kf1 a5 27. Ke2 c5 28. Nxd5 Rxd5 29. dxc5 Rxc5 30. c4 Rbc8 31. Kd3 Rd8+ 32. Kc3 Rdc8 33. Kb3 Rd8 34. Ka3 Rc6 35. f4 Rd3+ 36. Rb3 Rd1 37. Rb5 Ra1+ 38. Kb3 Rb1+ 39. Ka2 Rxb5 40. axb5 Rc5 41. Kb3 Kf6 42. Rd2 Ke7 43. f3 h5 44. g4 h4 45. Rg2 Rc8 46. h3 Rd8 47. c5 Rd5 48. cxb6 Rxb5+ 49. Ka4 Rxb6 50. Kxa5 Rb3 51. Rf2 Rb1 52. Ka4 Rh1 53. Kb3 Rxh3 54. Kc4 Rh1 55. Kd4 h3 56. Ke4 h2 57. Re2 f6 58. f5 e5 59. g5 Kf7 60. g6+ Kg7 61. Ke3 Kg8 62. Ke4 Kg7 1/2-1/2

[Event "Dresden ZMD op"]
[Site "Dresden"]
[Date "2010.07.12"]
[Round "3"]
[White "Mueller, Matthias"]
[Black "Grzeca, Pascal"]
[Result "1-0"]
[WhiteElo "2001"]
[BlackElo "1880"]
[PlyCount "133"]
[EventDate "2010.07.10"]
[EventType "swiss"]
[EventRounds "9"]
[EventCountry "GER"]
[SourceTitle "CBM 137 Extra"]
[Source "ChessBase"]
[SourceDate "2010.09.01"]
[SourceVersion "1"]
[SourceVersionDate "2010.09.01"]
[SourceQuality "1"]

1. d4 Nf6 2. Nf3 e6 3. Bf4 c5 4. e3 Qb6 5. Qc1 Nc6 6. c3 Nh5 7. Bg3 d5 8. Bd3 Bd7 9. Nbd2 Rc8 10. Qb1 Nxg3 11. hxg3 h6 12. g4 cxd4 13. exd4 Bd6 14. g3 Kd8 15. Kf1 Kc7 16. Kg2 Kb8 17. a3 g6 18. Qa2 f5 19. g5 f4 20. Rxh6 fxg3 21. fxg3 Rxh6 22. gxh6 Qc7 23. Rh1 Bxg3 24. h7 Rh8 25. Nf1 Bf4 26. Bxg6 Be8 27. Bxe8 Qg7+ 28. Kf2 Rxe8 29. Qb1 Ne7 30. Rg1 Qf7 31. Rg4 Rf8 32. Qd3 Qh5 33. Rh4 Bg3+ 34. Kxg3 Nf5+ 35. Kh3 Nxh4 36. Nxh4 Qf7 37. Nh2 Rh8 38. N2f3 Qxh7 39. Qxh7 Rxh7 40. Ng5 Re7 41. Nhf3 Kc7 42. Kg4 Kd6 43. Kf4 Re8 44. Nf7+ Ke7 45. N7e5 Rf8+ 46. Ke3 Rg8 47. b3 Rg2 48. a4 Kd6 49. Kd3 b6 50. Nd2 a6 51. c4 Rg3+ 52. Nef3 Kc6 53. Kc3 Rh3 54. Kb4 Rh1 55. Ne5+ Kd6 56. a5 bxa5+ 57. Kxa5 Rd1 58. Nef3 Kc6 59. Ne5+ Kd6 60. c5+ Kc7 61. Nef3 Kc6 62. Kb4 Rh1 63. Ne5+ Kc7 64. Ndf3 Rh8 65. Ng5 Re8 66. Ka5 Kb7 67. c6+ 1-0

[Event "GER-ch U16"]
[Site "Oberhof"]
[Date "2010.05.29"]
[Round "9"]
[White "Mueller, Tobias"]
[Black "Grzeca, Pascal"]
[Result "0-1"]
[WhiteElo "1998"]
[BlackElo "1887"]
[PlyCount "120"]
[EventDate "2010.05.22"]
[EventType "swiss"]
[EventRounds "9"]
[EventCountry "GER"]
[SourceTitle "CBM 136 Extra"]
[Source "ChessBase"]
[SourceDate "2010.07.02"]
[SourceVersion "2"]
[SourceVersionDate "2010.07.15"]
[SourceQuality "1"]

1. c4 g6 2. g3 Bg7 3. Bg2 e5 4. Nc3 d6 5. d3 Ne7 6. e3 c6 7. Nge2 0-0 8. 0-0 Qc7 9. b3 f5 10. f4 Nd7 11. Ba3 Nf6 12. h3 h6 13. Rc1 a5 14. Qd2 Be6 15. Na4 Ra7 16. Rfd1 exf4 17. exf4 Bf7 18. d4 d5 19. Bc5 Ra6 20. Bb6 Rxb6 21. Qxa5 Nc8 22. c5 Qe7 23. Nxb6 Qxe2 24. Nxc8 Rxc8 25. Qd2 Qxd2 26. Rxd2 Ne4 27. Bxe4 dxe4 28. Kf2 Ra8 29. Ke3 Ra3 30. Rc3 Kf8 31. Kf2 Ke7 32. Ke3 Bf6 33. h4 Ke6 34. Rg2 Kd5 35. Rd2 Be6 36. Rc1 Bc8 37. Rc4 Be6 38. Rcc2 g5 39. hxg5 hxg5 40. Rc1 Ra8 41. Rh1 gxf4+ 42. gxf4 Rg8 43. Rh3 Rg1 44. Kf2 Rc1 45. Rh6 Bxd4+ 46. Rxd4+ Kxd4 47. Rxe6 Rc2+ 48. Kg3 Rxc5 49. Re7 Rc3+ 50. Kh4 e3 51. Kg5 Rc5 52. Rxb7 e2 53. Re7 Kd3 54. b4 Rb5 55. a4 Rxb4 56. Kxf5 Rxa4 57. Re8 c5 58. Re5 c4 59. Kg4 c3 60. Kf3 c2 0-1

[Event "GER-chT Lands U20"]
[Site "Dresden"]
[Date "2008.11.16"]
[Round "4.6"]
[White "Grzeca, Pascal"]
[Black "Gibicar, Danijel"]
[Result "1-0"]
[WhiteElo "1869"]
[BlackElo "1747"]
[PlyCount "57"]
[EventDate "2008.11.14"]
[EventType "team-swiss"]
[EventRounds "7"]
[EventCountry "GER"]
[SourceTitle "EXT 2010"]
[Source "ChessBase"]
[SourceDate "2010.11.25"]
[SourceVersion "1"]
[SourceVersionDate "2010.11.25"]
[SourceQuality "1"]
[WhiteTeam "Rheinland Pfalz"]
[BlackTeam "Wuerttemberg II"]
[WhiteTeamCountry "GER"]
[BlackTeamCountry "GER"]

1. e4 e5 2. f4 Nf6 3. Nc3 d5 4. exd5 Nxd5 5. Nf3 Nxc3 6. bxc3 Qd5 7. Nxe5 Nd7 8. Qf3 Qxf3 9. Nxf3 Nc5 10. d3 Be6 11. Ng5 Bd5 12. c4 Bc6 13. d4 Ne4 14. d5 Bb4+ 15. Ke2 Nc3+ 16. Kd3 Bd7 17. a3 Bf5+ 18. Ke3 Nd1+ 19. Ke2 Bc3 20. Ra2 Bg4+ 21. Nf3 0-0-0 22. Kxd1 b5 23. Bb2 Ba5 24. Bxg7 Rhe8 25. c3 Re3 26. Kd2 Rde8 27. Bd4 R3e4 28. Be5 f6 29. Bd3 1-0